From twilight to highlight-the physics of supernovae (Record no. 15574)

MARC details
000 -LEADER
fixed length control field 00807nam a2200217Ia 4500
003 - CONTROL NUMBER IDENTIFIER
control field IN-BaIIA
008 - FIXED-LENGTH DATA ELEMENTS--GENERAL INFORMATION
fixed length control field 211028s9999 xx 000 0 eng d
020 ## - INTERNATIONAL STANDARD BOOK NUMBER
International Standard Book Number 3-540-00483-1
040 ## - CATALOGING SOURCE
Transcribing agency IIA Library
080 ## - UNIVERSAL DECIMAL CLASSIFICATION NUMBER
Universal Decimal Classification number 524.352(082.2)
Item number ESO
245 #0 - TITLE STATEMENT
Title From twilight to highlight-the physics of supernovae
Remainder of title proceedings of the ESO/MPA/MPE workshop held in Garching, Germany, 29-31 Jul 2002
Statement of responsibility, etc. edited by W. Hillebrandt and B. Leibundgut
260 ## - PUBLICATION, DISTRIBUTION, ETC.
Place of publication, distribution, etc. Berlin
Name of publisher, distributor, etc. Springer-Verlag
Date of publication, distribution, etc. 2003
300 ## - PHYSICAL DESCRIPTION
Extent xvii, 414p.
490 ## - SERIES STATEMENT
Series statement ESO astrophysics symposia
650 ## - SUBJECT ADDED ENTRY--TOPICAL TERM
Topical term or geographic name entry element Supernova
9 (RLIN) 15816
650 ## - SUBJECT ADDED ENTRY--TOPICAL TERM
Topical term or geographic name entry element Supernova explosion
9 (RLIN) 28720
650 ## - SUBJECT ADDED ENTRY--TOPICAL TERM
Topical term or geographic name entry element Supernova spectra
9 (RLIN) 28721
650 ## - SUBJECT ADDED ENTRY--TOPICAL TERM
Topical term or geographic name entry element Thermonuclear supernovae
9 (RLIN) 28722
700 ## - ADDED ENTRY--PERSONAL NAME
Personal name Leibundgut, B., ed.
9 (RLIN) 28723
942 ## - ADDED ENTRY ELEMENTS (KOHA)
Koha item type Books
Holdings
Withdrawn status Lost status Damaged status Not for loan Home library Current library Shelving location Date acquired Source of acquisition Cost, normal purchase price Total Checkouts Full call number Barcode Date last seen Cost, replacement price Price effective from Koha item type Purchase Price
        IIA Library-Bangalore IIA Library-Bangalore General Stacks 03/01/2004 EDS 2255.18   524.352(082.2)/ ESO 16496 05/11/2021 2255.18 03/01/2004 Books Rs. 2255.18

Powered by Koha